=LDR 00000nam 2200000 4500 =001 INLIS000000000009446 =005 20130612101233 =008 ***********************************Ind** =035 ##$$0010-061300000009446 =041 ##$$a Ind =082 ##$$a 395 =090 ##$$a 395, Sug-b =100 ##$$a Sugiharti, Endang =245 ##$$a Budi pekerti dan pribadi mempesona, Endang Suguharti =260 ##$$a 1999 $b Jakarta =300 ##$$a ix, 50 hlm, Ilus, 21 cm =650 ##$$a Etika =850 ##$$a NBPNMAT